| 000 | 00565nam a2200193Ia 4500 | ||
|---|---|---|---|
| 003 | GCL | ||
| 008 | 140319s9999 xx 000 0 eng d | ||
| 040 |
_aGCL / _cGCL |
||
| 082 | 0 | 4 |
_a346.73 _bE P |
| 100 | 1 | _aPETERSON, RENNO L. | |
| 245 | 1 | 0 |
_aPROTECT YOUR STATE: A PERSONAL GUIDE TO INTELLIGENT ESTATE PLANNING / _cPETERSON, RENNO L. |
| 700 | 1 | _aESPERTI, ROBERT A. | |
| 260 |
_a[S.N] : _bMC GRAW - HILL ، _c1993 |
||
| 300 | _a295\P | ||
| 650 | 0 | 4 | _aLAW - LEGISLATION |
| 650 | 0 | 4 | _aESTATE PLANNING |
| 650 | 0 | 4 | _aINHERITANCE AND TRANSFER TAX |
| 942 |
_2ddc _cBK |
||
| 999 |
_c20772 _d20772 |
||